Statistics for Countries that Produce the Most Palm Oil

Click here to take the quiz!

General Stats

  • This quiz has been taken 14,184 times
    (14,027 since last reset)
  • The average score is 14 of 20

Answer Stats

Metric TonsCountry% Correct
362 kBrazil
94%
40.6 mIndonesia
90%
188 kChina
87%
19.5 mMalaysia
85%
1.65 mColombia
84%
2.78 mThailand
83%
115 kMexico
82%
198 kPeru
79%
99 kD. R. Congo
76%
125 kPhilippines
72%
560 kEcuador
68%
1.13 mNigeria
68%
648 kPapua New Guinea
63%
875 kGuatemala
58%
250 kCosta Rica
57%
653 kHonduras
57%
90 kNicaragua
56%
313 kGhana
53%
300 kCameroon
52%
450 kIvory Coast
45%

Score Distribution

Percentile by Number Answered

Percent of People with Each Score

Your Score History

You have not taken this quiz since the last reset